=LDR 00000nam 2200000 4500 =001 NUTBA000000000006166 =005 20141124142707.0 =006 =007 =008 =020 ##$$a 978-602-8155-57-1 =035 ##$$a 0010-111400000000645 =040 ##$$a NBPDMAT =082 ##$$a 363.728 =090 ##$$a 363.728 $b Adr m =100 ##$$a Adrian R.Nugraha =245 ##$$a Menyelamatkan lingkungan hidup dengan pengelolaan sampah / $c Adrian R.Nugraha =260 ##$$a Bekasi : $b Cahaya Pustaka Raya, $c 2009 =300 ##$$a iv, 90 hlm. : $b ilus. ; $c 24 cm. =500 ##$$a Bibliografi : hlm. 90 =650 ##$$a Sampah, Pembuangan - Aspek Lingkungan =850 ##$$a NBPDMAT